بدلتے رت کی کہانياں (Record no. 37184)
[ view plain ]
| 000 -LEADER | |
|---|---|
| fixed length control field | 02082nam a22003017a 4500 |
| 005 - DATE AND TIME OF LATEST TRANSACTION | |
| control field | 20100722122656.0 |
| 008 - FIXED-LENGTH DATA ELEMENTS--GENERAL INFORMATION | |
| fixed length control field | 100412t xxu||||| |||| 00| 0 ur d |
| 020 ## - INTERNATIONAL STANDARD BOOK NUMBER | |
| Terms of availability | 120.00 |
| International Standard Book Number | 9788182236233 |
| 035 ## - SYSTEM CONTROL NUMBER | |
| System control number | B-395153-158 |
| 037 ## - SOURCE OF ACQUISITION | |
| Source of stock number/acquisition | Educational Publishing House |
| 040 ## - CATALOGING SOURCE | |
| Original cataloging agency | dpl |
| Language of cataloging | ur |
| 082 ## - DEWEY DECIMAL CLASSIFICATION NUMBER | |
| Classification number | ک |
| 100 ## - MAIN ENTRY--PERSONAL NAME | |
| Personal name | ظنر حبيب |
| 9 (RLIN) | 616 |
| 245 ## - TITLE STATEMENT | |
| Title | بدلتے رت کی کہانياں |
| Statement of responsibility, etc | ظفر حبيب |
| Remainder of title | |
| 246 ## - VARYING FORM OF TITLE | |
| Title proper/short title | Badalte Rut Ki Kahanian / |
| Remainder of title | by Zafar Habib |
| 260 ## - PUBLICATION, DISTRIBUTION, ETC. (IMPRINT) | |
| Place of publication, distribution, etc | دلّی |
| Name of publisher, distributor, etc | ايجو کيشنل پبلشنگ ہاؤس |
| Date of publication, distribution, etc | 2010 |
| 270 ## - ADDRESS | |
| Address | 3108,VakilStreet, Kucha Pandit, Lal Kuan |
| City | Delhi |
| Postal code | 110006 |
| Telephone number | 23216162, 23214465 |
| Electronic mail address | info@ephbooks.com,ephdelhi@yahoo.com |
| Fax number | 0091-11-23211540 |
| 300 ## - PHYSICAL DESCRIPTION | |
| Extent | 152 ص |
| Other physical details | 22 س م (Hb) |
| 500 ## - GENERAL NOTE | |
| General note | |
| 942 ## - ADDED ENTRY ELEMENTS (KOHA) | |
| Source of classification or shelving scheme | Dewey Decimal Classification |
| Item type | Urdu Bks |
| Classification part | ک |
| Call number suffix | ظ ف ر |
| Withdrawn status | Lost status | Source of classification or shelving scheme | Damaged status | Not for loan | Collection code | Home library | Current library | Date acquired | Source of acquisition | Cost, normal purchase price | Total Checkouts | Full call number | Barcode | Date last seen | Copy number | Cost, replacement price | Koha item type |
|---|---|---|---|---|---|---|---|---|---|---|---|---|---|---|---|---|---|
| Dewey Decimal Classification | Fiction | Central Library | Central Library | 22/07/2010 | EPH /3406 / 31.03.10 / 4:5 / 25.03.10 / 31.03.10 | 120.00 | ک ظ ف ر | B-395153 | 22/07/2010 | 1 | 120.00 | Urdu Bks | |||||
| Dewey Decimal Classification | Fiction | Janak Puri | Janak Puri | 22/07/2010 | EPH /3406 / 31.03.10 / 4:5 / 25.03.10 / 31.03.10 | 120.00 | 5 | ک ظ ف ر | B-395155 | 21/10/2013 | 1 | 120.00 | Urdu Bks | ||||
| Dewey Decimal Classification | Fiction | Karol Bagh | Karol Bagh | 22/07/2010 | EPH /3406 / 31.03.10 / 4:5 / 25.03.10 / 31.03.10 | 120.00 | ک ظ ف ر | B-395157 | 22/07/2010 | 1 | 120.00 | Urdu Bks | |||||
| Dewey Decimal Classification | Fiction | Patel Nagar | Patel Nagar | 22/07/2010 | EPH /3406 / 31.03.10 / 4:5 / 25.03.10 / 31.03.10 | 120.00 | ک ظ ف ر | B-395154 | 22/07/2010 | 1 | 120.00 | Urdu Bks | |||||
| Written-off vide DLB M. No. 383 dt 16.05.19 | Dewey Decimal Classification | Fiction | Shahdara Branch | Shahdara Branch | 22/07/2010 | EPH /3406 / 31.03.10 / 4:5 / 25.03.10 / 31.03.10 | 120.00 | ک ظ ف ر | B-395158 | 22/07/2010 | 1 | 120.00 | Urdu Bks | ||||
| Dewey Decimal Classification | Fiction | Sriniwas Puri | Sriniwas Puri | 22/07/2010 | EPH /3406 / 31.03.10 / 4:5 / 25.03.10 / 31.03.10 | 120.00 | ک ظ ف ر | B-395156 | 22/07/2010 | 1 | 120.00 | Urdu Bks |
